[Event "Nalchik FIDE GP"]
[Site "Nalchik"]
[Date "2009.04.28"]
[Round "12"]
[White "Leko, Peter"]
[Black "Kasimdzhanov, Rustam"]
[Result "1-0"]
[WhiteElo "2751"]
[BlackElo "2695"]
[Annotator "Marin,M"]
[PlyCount "59"]
[EventDate "2009.04.15"]
[EventType "tourn"]
[EventRounds "13"]
[EventCountry "RUS"]
[EventCategory "19"]
[SourceTitle "CBM 130"]
[Source "ChessBase"]
[SourceDate "2009.05.20"]
[SourceVersion "1"]
[SourceVersionDate "2009.05.20"]
[SourceQuality "1"]

1. e4 e5 2. Nf3 Nf6 3. Nxe5 d6 4. Nf3 Nxe4 5. d4 d5 6. Bd3 Nc6 7. O-O Be7 8.
Nc3 {Leko proves his broad preparation against the Petroff Defence.} ({In an
earlier round he obtained a convincing victory against Gelfand with the
classical} 8. Re1) 8... Nxc3 9. bxc3 Bg4 10. Re1 O-O 11. Bf4 {White has a
small structural defect, but this may be corrected with a well-timed c3-c4. At
the same time, he has a more active development of his minor pieces. Black's
main problem is his knight, which obstructs the c-pawn: it prevents the latter
from safely defending its colleague on d5 and yet it has no active squares to
which it can move.} Bd6 {This is the most natural move, aiming to exchange the
most active white piece. (It should also be noticed that the e7-bishop was
obstructing the e-file, being somewhat vulnerable at the same time). The only
drawback of this move is that it will force Black make a slight concession on
the next move.} ({The equally logical} 11... Qd7 {did not solve Black's
problems completely in Anand,V (2794)-Leko,P (2730)/Leon 2001/CBM 084/[Huzman]
(1/2, 56)}) (11... Bh5 $5 {has been tried, preparing ...Bd6 without allowing
the trick mentioned below. However, in a recent game play eventually
transposed to the same patterns as in our main game.} 12. Rb1 Rb8 13. Qe2 Bd6
14. Qe3 Bxf4 15. Qxf4 Bxf3 16. Qxf3 Qd6 17. Re3 g6 18. h4 Kg7 19. h5 Rfe8 20.
Rbe1 Rxe3 21. Qxe3 $14 {Sasikiran,K (2677)-Wang Yue (2698)/Vishakapatnam 2008/
CBM 122 Extra (1/2, 31)}) 12. Bxd6 Bxf3 {This willing exchange, without
waiting for h2-h3 to be played, is necessary if Black wants to maintain his
structure intact.} ({The generally desirable} 12... Qxd6 $2 {allows} 13. Bxh7+
$1 Kxh7 14. Ng5+ $16) ({The other possible concession is} 12... cxd6 13. Re3
Qd7 14. h3 Bh5 15. Qd2 Rae8 16. Nh4 Rxe3 17. Qxe3 Qe6 18. Nf5 Rd8 19. Qg5 Bg6
20. Ne3 $14 {Topalov,V (2780)-Gelfand,B (2737)/Wijk aan Zee 2008/CBM 122 (1-0,
28)}) 13. Qxf3 Qxd6 14. Re3 ({Previously, Leko had provoked a slight weakening
of the enemy queenside with} 14. Rab1 b6 {. In the present game, he may have
thought that ...b6 is rather useful for Black.} 15. Rb5 (15. Re3 Rae8 16. Rbe1
Rxe3 17. Rxe3 g6 18. h4 Kg7 19. h5 $14 {Vachier Lagrave,M (2716)-Motylev,A 
(2672)/Germany 2008/CBM 127 Extra (1/2, 27)}) 15... Rad8 16. h4 Ne7 17. h5 Rfe8
18. Re5 h6 19. Rb1 Kf8 20. Bb5 c6 21. Bd3 Ng8 22. Rbe1 Nf6 {Black has
consolidated both his wings and has little to fear.} 23. g4 Nd7 24. R5e3 {
1/2 Leko,P (2753)-Gelfand,B (2737)/Nice 2008/CBM 123 Extra}) 14... Rae8 15.
Rae1 Rxe3 16. Rxe3 {The position has been simplified, but White retains the
more active pieces. The queen is quite effective on f3, keeping the d5-pawn
and the whole kingside under pressure. The only open file is under white
control and the bishop is more mobile than the knight. Black needs several
tempi to regroup. If he could make use of magic he probably would place his
knight on f6 and play ...c6 in one stroke, but this is rather time consuming
in the real world. The only question that remains open is whether White can
use this time to increase his pressure.} g6 17. h4 Nb8 $146 {This
straightforward start of the aforementioned plan is new.} (17... Qd8 $5 18. g3
(18. h5 Qg5) (18. Qg3 $5) 18... h5 19. Bf1 Qd7 20. Bg2 Rd8 21. Qf4 Qd6 (21...
Kg7 $5 {[%cal Gd7d6]}) 22. Qh6 b5 (22... Qf8 23. Qg5 Kg7 24. c4 dxc4 25. c3 $44
) 23. g4 hxg4 24. h5 {This attack looks dangerous, but now Black will be able
to give some meaning to his knight.} Ne7 25. Qg5 Kf8 26. Qxg4 (26. h6 $5 {
[%csl Re7][%cal Gh6h7]} f6 27. Qxg4 Kf7 28. Bf1 Rh8 29. Rh3 c6 30. Bd3 Rh7 $11)
26... c6 27. Qg5 gxh5 28. f4 Ng8 29. Rg3 Nf6 30. Qg7+ Ke7 31. Re3+ Ne4 {
Areshchenko,A (2664)-Landa,K (2613)/Germany 2008/CBM 127 Extra (1/2, 47).
Black has parried the immediate threats and can be optimistic.}) 18. h5 Nd7 19.
g4 Nf6 $6 {This looks too slow. By placing the knight on this square, Black
ties his queen down to its defence.} (19... c6 {would have been a higher
priority.} 20. h6 (20. c4 $2 {is impossible because of} dxc4 21. Bxc4 Qxd4)
20... b5 $5 {Black has not achieved full equality yet, but has managed to
stabilize one wing at least.}) 20. h6 Kh8 21. Re5 c6 22. c4 $1 $14 {After this
well timed break, White gets pressure on both wings.} Ng8 (22... dxc4 23. Bxc4
Nd7 (23... Qxd4 $2 $18 {[%csl Gf6]}) 24. Re3 f5 (24... Qxd4 25. Bxf7 Qf6 26.
Qxf6+ Nxf6 27. Be6 {[%csl Gh8]} Re8 28. g5 Nd5 29. Rf3 $14) 25. gxf5 Qxd4 26.
Be6 $14) 23. Qe3 dxc4 24. Bxc4 g5 $6 {Black intends to eliminate the h6-pawn,
but the weakening of the light squares is too high a price to pay.} 25. Rxg5
Nxh6 26. Qe4 f6 27. Rh5 $16 {White has a strong attack at no cost.} f5 28. gxf5
Nxf5 $2 29. Be6 {[%csl Gf5,Gh7]} Qxd4 30. Rxh7+ $1 (30. Rxh7+ Kxh7 31. Bxf5+ $1
$18 {[%csl Gd4]}) 1-0

[Event "Corus"]
[Site "Wijk aan Zee"]
[Date "2010.01.19"]
[Round "4"]
[White "Shirov, Alexei"]
[Black "Smeets, Jan"]
[Result "1-0"]
[WhiteElo "2723"]
[BlackElo "2657"]
[Annotator "Marin,M"]
[PlyCount "73"]
[EventDate "2010.01.16"]
[EventType "tourn"]
[EventRounds "13"]
[EventCountry "NED"]
[EventCategory "19"]
[SourceTitle "CBM 135"]
[Source "ChessBase"]
[SourceDate "2010.03.17"]
[SourceVersion "1"]
[SourceVersionDate "2010.03.17"]
[SourceQuality "1"]

1. e4 e5 2. Nf3 Nf6 3. Nxe5 d6 4. Nf3 Nxe4 5. d4 d5 6. Bd3 Nc6 7. O-O Be7 8. c4
Nb4 9. Be2 O-O 10. Nc3 Bf5 11. a3 Nxc3 12. bxc3 Nc6 13. Re1 Re8 14. cxd5 Qxd5
15. Bf4 Rac8 16. h3 h6 17. Nd2 Na5 18. Nf1 Qb3 (18... Qd7 19. Ne3 Bg6 20. Bg4
f5 21. Qd3 Rf8 22. Bf3 $14 {Ivanchuk,V (2786)-Gelfand,B (2719)/Almaty (blz)
2008/EXT 2009 (1-0, 58)}) 19. Qd2 $5 $146 {White keeps the queens on board for
two main reasons. 1) The black queen is exposed and will most likely allow
White win time for strengthening his position. 2) With the black king's rook
pawn on h6, there are some sacrificial ideas in the air...} (19. Ne3 Qxd1 20.
Bxd1 Bd7 21. Nd5 Bd6 22. Bg4 Bxg4 23. Bxd6 cxd6 24. hxg4 {1/2 Gharamian,T 
(2555)-Fridman,D (2630)/Germany 2008/CBM 126 Extra}) 19... Nc4 20. Bxc4 Qxc4
21. Ne3 Qb5 22. c4 Qd7 23. c5 Bg6 24. Rac1 c6 25. Nc4 f6 {White has
consolidates his space advantage, but how to proceed?} 26. Bxh6 $5 {"Fire on
board" is still on! The sacrifice offers practical chances, but no advantage
probably.} ({The strategically desirable} 26. Bd6 {, aiming to exchange
bishops and install the knight on d6 fails to} b5 $1) (26. Rc3 {does not
strengthen White's attack because of} Bf7 {and the rook cannot be transfered
to the kingside, for instance} 27. Bxh6 Bxc4 $1) (26. Re3 $1 {looks like the
most constructive continuation, being a multi purpose move at the same time.
Apart from the attacking ideas, White retains the possibility of playing
positionally:} Rcd8 27. Bd6 $14 b5 28. Bxe7 $1 {With the rook on c8, this
would have offered White absolutely nothing because of ...bxc4.} Rxe7 29. Nd6)
26... gxh6 27. Qxh6 Bh7 28. Re3 Bf8 29. Rg3+ Kh8 30. Qxf6+ Bg7 31. Qg5 Bxd4 32.
Rd1 Rf8 33. Kh2 $13 Rcd8 $2 $18 34. Ne5 Qc7 35. Rxd4 Rxd4 36. Ng6+ Kg7 37.
Nxf8+ 1-0

[Event "Corus"]
[Site "Wijk aan Zee"]
[Date "2010.01.24"]
[Round "8"]
[White "Leko, Peter"]
[Black "Smeets, Jan"]
[Result "1-0"]
[WhiteElo "2739"]
[BlackElo "2657"]
[Annotator "Marin,M"]
[PlyCount "89"]
[EventDate "2010.01.16"]
[EventType "tourn"]
[EventRounds "13"]
[EventCountry "NED"]
[EventCategory "19"]
[SourceTitle "CBM 135"]
[Source "ChessBase"]
[SourceDate "2010.03.17"]
[SourceVersion "1"]
[SourceVersionDate "2010.03.17"]
[SourceQuality "1"]

1. e4 e5 2. Nf3 Nf6 3. Nxe5 d6 4. Nf3 Nxe4 5. Nc3 Nxc3 6. dxc3 Be7 7. Be3 Nc6
8. Qd2 Be6 9. O-O-O Qd7 10. Kb1 Bf6 11. h4 h6 12. a3 $146 {It is very hard to
foresee the purpose of this modest pawn move.} ({We can get the reasons behind
it by replaying the following game:} 12. Nd4 Nxd4 13. Bxd4 (13. cxd4 {led to a
symmetrical position in Leko,P (2762)-Wang Yue (2736)/Nanjing 2009/CBM 133 (1/
2, 46)}) 13... Bxd4 14. Qxd4 O-O 15. Rg1 Rae8 16. g4 Qc6 17. Bg2 Qa6 {Here it
is! Black wins a tempo by attacking a2. This did not save him from White's
powerfull attack after} 18. b3 {followed by g5 in Caruana,F (2652)-Landa,K 
(2664)/Reggio Emilia 2010 (1-0, 25).}) 12... a6 $6 {If Black has nothing
better than this, the novelty is fully justified. In many cases, White will
simply win a tempo because his a-pawn is safe.} 13. Nd4 Nxd4 14. Bxd4 Qe7 ({
This is a loss of time, but} 14... Bxd4 15. Qxd4 O-O 16. Rg1 {looks even more
promissing than in the game Caruana-Landa.}) 15. Qf4 Be5 16. Qe4 O-O-O 17. Bxe5
f6 ({We can notice the negative effects of ...a6:} 17... dxe5 18. Bxa6 $1) 18.
Qe3 fxe5 19. Qa7 $40 {White destroys the residence of the black king without
the necessity of sacrificing material.} Qf7 20. Qa8+ Kd7 21. Qxb7 Rb8 22. Qxa6
Qxf2 23. Bc4 Bf5 24. Bd3 Be6 25. Bc4 Bf5 26. Bb3 Qb6 27. Qxb6 Rxb6 28. Rhf1 g6
29. Bd5 c6 30. Bf3 Ra8 31. Kc1 Ke7 32. h5 d5 33. hxg6 Bxg6 34. Rh1 Rh8 35. b4
e4 36. Be2 Ke6 37. Rh3 Rb7 38. Rdh1 Rbh7 39. a4 Bf5 40. Rh4 Ke5 41. Rh5 Kf4 42.
Rf1+ Ke3 43. Rhxf5 Kxe2 44. R5f2+ Ke3 45. Kd1 1-0

[Event "EU-ch 11th"]
[Site "Rijeka"]
[Date "2010.03.11"]
[Round "6"]
[White "Movsesian, Sergei"]
[Black "Petrosian, Tigran L"]
[Result "1-0"]
[WhiteElo "2709"]
[BlackElo "2612"]
[Annotator "Marin,M"]
[PlyCount "55"]
[EventDate "2010.03.06"]
[EventType "swiss"]
[EventRounds "11"]
[EventCountry "CRO"]
[SourceTitle "CBM 136"]
[Source "ChessBase"]
[SourceDate "2010.05.18"]
[SourceVersion "1"]
[SourceVersionDate "2010.05.18"]
[SourceQuality "1"]

1. e4 e5 2. Nf3 Nf6 3. Nxe5 d6 4. Nf3 Nxe4 5. d4 d5 6. Bd3 Nc6 7. O-O Be7 8. c4
Nb4 9. Be2 O-O 10. Nc3 Bf5 11. a3 Nxc3 12. bxc3 Nc6 13. Re1 Re8 14. h3 $5 ({
The latest development in this line was} 14. cxd5 Qxd5 15. Bf4 Rac8 16. h3 Be4
17. Qc1 $5 $146 {Anand,V (2790)-Kramnik,V (2788)/Wijk aan Zee 2010 (1-0, 45)})
14... h6 $146 (14... Bg6 15. Nd2 (15. Be3 $5) (15. Bf4 $5) 15... Bf6 16. Bf3
Rxe1+ 17. Qxe1 Ne7 18. cxd5 Nxd5 19. Nb3 c6 20. Bd2 Qf8 21. c4 Nb6 22. Bb4 Qe8
23. Qc3 {with just some pressure for White, Rizouk,A (2457)-Razmyslov,A (2307)/
Seville 2005/CBM 104 ext (1/2, 27).}) 15. Be3 dxc4 16. Bxc4 Bd6 17. Nd2 Qh4 {
With his last moves, Black clearly intends to prove that the white kingside
has been weakened by White's non typical regrouping.} 18. Bd5 $1 {A key move,
putting the pressure against the enemy queenside and defending the own
kingside.} Re7 19. Qb3 {Black is in some sort of trouble already.} Na5 (19...
Nd8 {is safer, but quite passive.}) 20. Qb5 c6 21. Bxc6 Bxh3 $6 22. Bf3 $1 $18
Bd7 23. Qxa5 Qh2+ 24. Kf1 g5 25. Ke2 g4 26. Be4 Bc7 27. Qb4 Bd6 28. Qb3 1-0

[Event "Moscow Tal Memorial 4th"]
[Site "Moscow"]
[Date "2009.11.14"]
[Round "9"]
[White "Svidler, Peter"]
[Black "Gelfand, Boris"]
[Result "1/2-1/2"]
[WhiteElo "2754"]
[BlackElo "2758"]
[Annotator "Marin,M"]
[PlyCount "59"]
[EventDate "2009.11.05"]
[EventType "tourn"]
[EventRounds "9"]
[EventCountry "RUS"]
[EventCategory "21"]
[SourceTitle "CBM 133"]
[Source "ChessBase"]
[SourceDate "2009.11.19"]
[SourceVersion "1"]
[SourceVersionDate "2009.11.19"]
[SourceQuality "1"]

1. e4 e5 2. Nf3 Nf6 3. Nxe5 d6 4. Nf3 Nxe4 5. d4 d5 6. Bd3 Nc6 7. O-O Be7 8.
Re1 Bg4 9. c4 Nf6 10. Nc3 Bxf3 11. Qxf3 Nxd4 12. Qd1 Ne6 13. cxd5 Nxd5 14. Bb5+
c6 15. Nxd5 cxb5 16. Qb3 O-O 17. Be3 Bc5 18. Rad1 Bxe3 19. Rxe3 Qa5 20. Qc2
Rfe8 21. f4 b4 22. f5 Nf8 23. Ne7+ ({Apparently, Gelfand found an improvement
for Black after} 23. Red3 $36 {Leko,P (2751)-Gelfand,B (2733)/Nalchik 2009/CBM
130/[Marin] (1-0, 43)}) 23... Kh8 24. Qc4 Ne6 25. Nd5 Rad8 $146 ({In fact,
Gelfand had played this same line after the defeat against Leko once already:} 
25... Qc5 26. Qxb4 Qxb4 27. Nxb4 Nc5 28. Nd5 Rxe3 29. Nxe3 h5 30. f6 Ne4 31.
fxg7+ Kxg7 32. Kf1 {1/2 Radjabov,T (2756)-Gelfand,B (2733)/Bazna 2009/CBM 131})
26. Ree1 Qc5+ 27. Qxc5 Nxc5 28. Rxe8+ Rxe8 29. Nxb4 g6 30. fxg6 1/2-1/2

[Event "Tata Steel-A 74th"]
[Site "Wijk aan Zee"]
[Date "2012.01.28"]
[Round "12"]
[White "Topalov, Veselin"]
[Black "Giri, Anish"]
[Result "1-0"]
[WhiteElo "2770"]
[BlackElo "2714"]
[Annotator "Marin,M"]
[PlyCount "93"]
[EventDate "2012.01.14"]
[EventType "tourn"]
[EventRounds "13"]
[EventCountry "NED"]
[EventCategory "21"]
[SourceTitle "CBM 147"]
[Source "ChessBase"]
[SourceDate "2012.03.16"]
[SourceVersion "1"]
[SourceVersionDate "2012.03.16"]
[SourceQuality "1"]

1. e4 e5 2. Nf3 Nf6 3. Nxe5 d6 4. Nf3 Nxe4 5. Nc3 Nxc3 6. dxc3 Be7 7. Be3 Nc6
8. Qd2 Be6 9. O-O-O Qd7 10. Kb1 Bf6 11. Bg5 {A relatively unexplored move.} (
11. h4 {is more common. Amusingly, in the following game both sides kept
moving their rook pawns for another 3 plies!} h6 12. a3 a6 {Leko,P (2739)
-Smeets,J (2657)/Wijk aan Zee 2010/CBM 135/[Marin,M] (1-0, 45)}) 11... Qe7 12.
Bb5 a6 13. Bxc6+ {Playing for a microscopic, but, as we will see, stable
advantage.} (13. Ba4 b5 14. Bb3 Ne5 15. Bxf6 Nxf3 16. Qe3 Qxf6 17. Bd5 Rb8 18.
Bc6+ Ke7 19. Qa7 Rhc8 20. Bxf3 Rb6 21. Bb7 Re8 22. Rhe1 Kf8 $11 {Black has
managed to survive the forceful atack and has little to worry about.} 23. Bxa6
$6 Qd8 $1 {The bishop is caged suddenly.} 24. a4 (24. Bb7 c6 $1) 24... bxa4 25.
Ka1 Qb8 26. Qxb8 Rexb8 $17 {Ivanchuk,V (2779)-Gashimov,V (2746)/Monte Carlo
2011/CBM 142 (0-1, 28)}) 13... bxc6 14. Qf4 Bxg5 15. Nxg5 O-O 16. Rde1 {
For some hidden reasons, Topalov decides that the king's rook may still be
useful on the h-file.} ({After} 16. Rhe1 Qd7 17. f3 h6 18. Nxe6 fxe6 19. Qg4
Rf5 20. Re2 {White would be a tempo up if compared to the game, but this line
is not forced, of course.}) 16... Qd7 17. f3 h6 18. Nxe6 fxe6 19. Qg4 Rf5 20.
Re2 e5 21. Rd1 {There nothing exciting in this position, for sure, but White's
play is easier. Black has no obvious way to set his central pawns in motion,
while White can increase his pressure systematically.} Qf7 22. Qb4 Qd7 23. Qa4
Kh8 24. c4 Qe8 25. Rd3 Rf4 26. Qa5 Qe7 27. c5 Rf6 28. Qc3 Qe8 29. b3 Rb8 30. a4
$14 {White has consolidated his domination and has an obvious advantage.} Ra8
31. Re4 Qc8 32. Qd2 Qf8 33. Qa5 Qe7 34. Rde3 Qd7 35. Re1 Rf5 36. Qc3 Rd8 37. g3
Rf7 38. cxd6 $1 cxd6 39. f4 $1 {Opening the position at the right moment.} exf4
40. gxf4 c5 41. Re6 Rxf4 42. Rxh6+ Kg8 43. Qd2 Rf7 44. Rg1 $16 {And now, there
is an attack going already.} c4 $2 45. Qg5 $18 {[%cal Gg5h5]} Rdf8 46. Qh5 Rf1+
47. Kb2 {According to the engines, Black can delay mate for eight moves, by
means of the "Dilaram combination" starting with ...Rb1+ and so on.} 1-0

[Event "Tata Steel-A 74th"]
[Site "Wijk aan Zee"]
[Date "2012.01.29"]
[Round "13"]
[White "Caruana, Fabiano"]
[Black "Gelfand, Boris"]
[Result "1-0"]
[WhiteElo "2736"]
[BlackElo "2739"]
[Annotator "Marin,M"]
[PlyCount "95"]
[EventDate "2012.01.14"]
[EventType "tourn"]
[EventRounds "13"]
[EventCountry "NED"]
[EventCategory "21"]
[SourceTitle "CBM 147"]
[Source "ChessBase"]
[SourceDate "2012.03.16"]
[SourceVersion "1"]
[SourceVersionDate "2012.03.16"]
[SourceQuality "1"]

1. e4 e5 2. Nf3 Nf6 3. Nxe5 d6 4. Nf3 Nxe4 5. Nc3 Nxc3 6. dxc3 Be7 7. Be3 O-O
8. Qd2 Nd7 9. O-O-O Ne5 10. h4 c6 11. Bg5 {Almost never played before.} (11.
Kb1 Bg4 12. Be2 Nxf3 13. Bxf3 (13. gxf3 {Karjakin,S (2760)-Gelfand,B (2739)/
Moscow 2010/CBM 139/[Mueller,Karsten] (1-0, 57)}) 13... Bxf3 14. gxf3 Qa5 15.
h5 Qf5 16. Rdg1 f6 17. Rg4 Qxf3 (17... Rf7 {Radjabov,T (2740)-Wang Yue (2752)/
Astrakhan 2010/CBM 137/[Kritz] (1/2, 91)}) 18. Rhg1 {Jakovenko,D (2725)
-Gelfand,B (2741)/Astrakhan 2010/CBM 137/[Kritz] (1/2, 53)}) 11... f6 12. Bf4
Qa5 13. a3 Bg4 14. Be2 d5 $146 (14... Rad8 {Thiel,T (2291)-Sergeev,A (2379)/
Moscow 2006/EXT 2007 (0-1, 47)}) 15. Nxe5 fxe5 16. Bxe5 Rxf2 17. Rde1 Bxe2 18.
Rxe2 Rf7 19. g3 Raf8 20. Rhe1 Qd8 21. Qd4 $14 {White's centralisation and the
safer king offer him a small but lasting advantage.} b5 22. Kb1 Qd7 23. h5 Bg5
24. a4 Re8 {Allowing his structure to be spoiled.} ({Black may have feared
that after} 24... a6 25. Qb6 {he would lose control.}) 25. axb5 cxb5 26. Qd3
Rfe7 27. Bd4 Rxe2 28. Rxe2 Rxe2 29. Qxe2 {Black has somewhat relieved the
tension by simplifying.} Bf6 $2 30. Qf2 $2 (30. Bxa7 $1 $16 {[%csl Ge8]}) 30...
Bxd4 31. Qxd4 h6 32. b3 Qf7 33. Qe5 a6 34. Kb2 $14 {The position remains
unpleasant for Black. The centralised white queen is annoying.} Kh7 $6 (34...
Qd7 {would have offered better chances to defend:} 35. Qb8+ Kf7 36. Qb6 Qe6)
35. Qd6 $1 $36 {Brilliant judgmenet. In the subsequent pawn race, White will
be faster by one tempo.} Qxh5 36. Qxa6 Qe8 37. Qb7 Qe5 38. Qxb5 h5 39. Qd3+ Kh6
40. b4 g5 41. b5 h4 42. gxh4 gxh4 43. b6 Qb8 44. Qa6 Qd6 45. Qb5 d4 46. b7
dxc3+ 47. Ka2 Qe6+ 48. Ka1 1-0

[Event "Moscow Tal Memorial 4th"]
[Site "Moscow"]
[Date "2009.11.06"]
[Round "2"]
[White "Leko, Peter"]
[Black "Gelfand, Boris"]
[Result "1/2-1/2"]
[WhiteElo "2752"]
[BlackElo "2758"]
[Annotator "Marin,M"]
[PlyCount "88"]
[EventDate "2009.11.05"]
[EventType "tourn"]
[EventRounds "9"]
[EventCountry "RUS"]
[EventCategory "21"]
[SourceTitle "CBM 133"]
[Source "ChessBase"]
[SourceDate "2009.11.19"]
[SourceVersion "1"]
[SourceVersionDate "2009.11.19"]
[SourceQuality "1"]

1. e4 e5 2. Nf3 Nf6 3. Nxe5 d6 4. Nf3 Nxe4 5. d4 d5 6. Bd3 Nc6 7. O-O Be7 8. c4
Nb4 9. Be2 O-O 10. Nc3 Bf5 11. a3 Nxc3 12. bxc3 Nc6 13. Re1 Re8 14. cxd5 Qxd5
15. Bf4 Rac8 16. Bd3 Qd7 17. Rb1 b6 18. d5 Bxd3 19. Qxd3 Bxa3 $5 {A courageous
experiment introduced by Kramnik two years ago.} (19... Bf6 {is the normal
move, leading to a slightly more pleasant position for White after} 20. c4) 20.
Ng5 g6 21. Ne4 Qf5 $146 {This allows White to win the exchange, but apparently
Gelfand has analyzed the ensuing endgame very well, trusting that he would
have little trouble holding a draw.} (21... Be7 22. Rbd1 f5 23. d6 cxd6 24.
Qd5+ Kh8 25. Nxd6 Bxd6 26. Bxd6 Rxe1+ 27. Rxe1 Re8 28. Rxe8+ Qxe8 29. h3 h6 30.
c4 Kh7 {1/2 Jakovenko,D (2710)-Kramnik,V (2785)/Moscow 2007/EXT 2008}) 22. Bxc7
Rxc7 23. Nf6+ Qxf6 24. Rxe8+ Kg7 25. dxc6 Bc5 26. Rb2 Rxc6 27. Qd8 Qxd8 28.
Rxd8 a5 29. Kf1 a4 30. Ke2 a3 31. Ra2 b5 32. Rb8 Bd6 33. Rxb5 Rxc3 34. Kd2 Rc6
35. g3 h5 36. Kd1 h4 37. Ra5 hxg3 38. hxg3 Rb6 39. Rc2 Rb1+ 40. Ke2 Rb2 41. Kd3
Bb4 42. Ra4 Be1 43. Rxa3 Rxc2 44. Kxc2 Bxf2 1/2-1/2